Catálogo
 En Linea

Evangelina Rodríguez Perozo una mujer sobresaliente : (Registro nro. 26785)

Detalles MARC
000 -CABECERA
campo de control de longitud fija 01118nam a2200241 a 4500
001 - NÚMERO DE CONTROL
campo de control 000027293
005 - FECHA Y HORA DE LA ÚLTIMA TRANSACCIÓN
campo de control 20240304144917.0
008 - DATOS DE LONGITUD FIJA--INFORMACIÓN GENERAL
campo de control de longitud fija 110331s1997 dr ac 011 0bspa d
040 ## - FUENTE DE LA CATALOGACIÓN
Centro catalogador/agencia de origen DO-SdBNP
Lengua de catalogación spa
Centro/agencia transcriptor BNPHU
082 ## - NÚMERO DE LA CLASIFICACIÓN DECIMAL DEWEY
Número de clasificación 610.92
Número de documento/Ítem R696e
245 01 - MENCIÓN DE TÍTULO
Título Evangelina Rodríguez Perozo una mujer sobresaliente :
Resto del título opúsculo /
Mención de responsabilidad, etc. edición Altagracia Guzmán Marcelino.
260 ## - PUBLICACIÓN, DISTRIBUCIÓN, ETC.
Lugar de publicación, distribución, etc. Santo Domingo :
Nombre del editor, distribuidor, etc. Colores,
Fecha de publicación, distribución, etc. 1997.
300 ## - DESCRIPCIÓN FÍSICA
Extensión 50 p. :
Otras características físicas il., retrs. ;
Dimensiones 22 cm.
504 ## - NOTA DE BIBLIOGRAFÍA, ETC.
Nota de bibliografía, etc. Bibliografía: p. 49-50.
505 0# - NOTA DE CONTENIDO CON FORMATO
Información miscelánea Presentación /
Mención de responsabilidad Altagracia Guzmán Marcelino --
Título Congreso Nacional - Ley Nº 32-97 --
Información miscelánea Liminar --
Título Una mujer sobresaliente en la historia dominicana /
Mención de responsabilidad conferencia presentada por Emil Kasse Acta, junio 26, 1985 --
Información miscelánea Anexos.
590 ## - NOTA LOCAL (RLIN)
Nota local Inventariado,2018/DG
600 10 - PUNTO DE ACCESO ADICIONAL DE MATERIA--NOMBRE DE PERSONA
Nombre de persona Rodríguez Perozo, Andrea Evangelina,
Fechas asociadas al nombre 1879-1947
9 (RLIN) 18796
650 #4 - PUNTO DE ACCESO ADICIONAL DE MATERIA--TÉRMINO DE MATERIA
Término de materia o nombre geográfico como elemento de entrada Mujeres como médicos
9 (RLIN) 18797
650 #4 - PUNTO DE ACCESO ADICIONAL DE MATERIA--TÉRMINO DE MATERIA
Término de materia o nombre geográfico como elemento de entrada Mujeres en la medicina
Subdivisión general República dominicana
9 (RLIN) 18798
650 #4 - PUNTO DE ACCESO ADICIONAL DE MATERIA--TÉRMINO DE MATERIA
Término de materia o nombre geográfico como elemento de entrada Ginecólogos
Subdivisión general República dominicana
9 (RLIN) 18799
700 1# - PUNTO DE ACCESO ADICIONAL--NOMBRE DE PERSONA
Nombre de persona Guzmán Marcelino, Altagracia,
Término indicativo de función/relación ed.
9 (RLIN) 37654
910 ## - DATOS DE OPCIÓN DEL USUARIO (OCLC)
Datos de opción del usuario Validado. Control de calidad EMS
Existencias
Estado de retiro Estado de pérdida Restricciones de uso No para préstamo Código de colección Localización permanente Ubicación/localización actual Ubicación en estantería Fecha de adquisición Número de inventario Total de préstamos Signatura topográfica completa Código de barras Fecha visto por última vez Número de copia Precio válido a partir de Tipo de ítem Koha
        Dominicana de Servicio General General Depósito 05.09.2013 LF1   610.92 R696e 27293-30 25.06.2020 e.3 25.06.2020 Libro y Folleto Colección Dominicana de Servicio
        Patrimonio Dominicano Patrimonio Dominicano Patrimonio Dominicano Depósito 31.03.2011 LF1   610.92 R696e 27293-10 25.06.2020   25.06.2020 Libro y Folleto Colección Patrimonio Dominicano
      Excluido de préstamo Patrimonio Dominicano Patrimonio Dominicano Patrimonio Dominicano Depósito 01.04.2011 LF1   610.92 R696e 27293-20 25.06.2020 e.2 25.06.2020 Libro y Folleto Colección Patrimonio Dominicano

Con tecnología Koha